| 000 | 01572nam a22002537a 4500 | ||
|---|---|---|---|
| 999 |
_c58641 _d58641 |
||
| 003 | Ge_BSU | ||
| 005 | 20220621123634.0 | ||
| 008 | 220621s2021 ge ||||| |||| 00| 0 geo d | ||
| 020 | _a9789941977060 | ||
| 041 | _ageo | ||
| 080 | _a316.74:2 | ||
| 100 |
_aჰაბერმასი, იურგენ _9962 |
||
| 245 |
_aსეკულარიზაციის დიალექტიკა გონებისა და რელიგიის შესახებ / _cიურგენ ჰაბერმასი, იოზეფ რატცინგერი; წინასიტყვაობა ფლორიან შულერი; მთარგმნელი იური მოსიძე; რედაქტორი ა. ალადაშვილი, გ. რცხილაძე. |
||
| 264 |
_a[თბილისი] : _bCarpe diem, _c2021. |
||
| 300 |
_a60 გვ.; _b21 სმ. |
||
| 501 | _aშენიშვნები გვ. 55-56 ავტორთა შესახებ გვ. 57-60 | ||
| 653 | _aსეკულარიზაცია | ||
| 700 |
_aრატცინგერი, იოზეფ _eავტორი _914175 |
||
| 700 |
_aშულერი, ფლორიან _eწინასიტყვაობა _914176 |
||
| 700 |
_aმოსიძე, იური _eმთარგმნელი _914177 |
||
| 700 |
_aალადაშვილი, ა. _eრედაქტორი _914178 |
||
| 700 |
_aრცხილაძე, გ. _eრედაქტორი _914179 |
||
| 942 |
_2udc _cBK |
||